000 00436nam a22001817a 4500
003 MPLRDC
005 20220104143725.0
008 210129b ||||| |||| 00| 0 eng d
020 _a7-5351-0611-0
082 _a827 WQZ
100 _a王齐洲
245 _a四大奇书与中国大众文化
_c
250 _a一版一刷
260 _a
_b湖北教育
_c1991
300 _b
650 _a中国小说论
942 _cBK
_o827 WQZ
999 _c42707
_d42697